00352nam a2200097Ia 4500008004100000100003300041245008600074260006300160650001200223999001900235160725s9999 xx 000 0 und d aRebadulla, Giovanni Clyde E. aApproach to teaching anatomy and physiology in nursing: traditional, PBL or OBE?. bKaizen Research Journal College of NursingcSeptember 2012 aNURSING c298021d298021